Cities with highest percentage of French as first language - Statistics

General Stats
  • This quiz has been taken 127 times
  • The average score is 5 of 10
Answer Stats
Hint Answer % Correct
10,858,000 Paris, France
100%
3,536,000 Montreal, Canada
86%
11,587,000 Kinshasa, DR Congo
65%
2,590,000 Algiers, Algeria
50%
3,520,000 Dakar, Senegal
49%
4,800,000 Abidjan, Ivory Coast
44%
3,211,000 Casablanca, Morocco
42%
3,060,000 Yaoundé, Cameroon
30%
2,700,000 Ouagadougou, Burkina Faso
23%
2,940,000 Douala, Cameroon
19%
No matching quizzes found
Score Distribution
Percent of People with Each Score
Percentile by Number Answered
Your Score History
You have not taken this quiz